Derecho penal : (Registro nro. 3653)
[ vista simple ]
| 000 -LEADER | |
|---|---|
| fixed length control field | 01050nam a2200253Ia 4500 |
| 003 - CONTROL NUMBER IDENTIFIER | |
| control field | OSt |
| 005 - DATE AND TIME OF LATEST TRANSACTION | |
| control field | 20200814174436.0 |
| 008 - FIXED-LENGTH DATA ELEMENTS--GENERAL INFORMATION | |
| fixed length control field | 191128t1995 ck gr 001 0 spa d |
| 020 ## - INTERNATIONAL STANDARD BOOK NUMBER | |
| International Standard Book Number | 9583500380 |
| 040 ## - CATALOGING SOURCE | |
| Original cataloging agency | CO-JMCR |
| Transcribing agency | CO-JMCR |
| 041 0# - LANGUAGE CODE | |
| Language code of text/sound track or separate title | spa |
| 082 04 - DEWEY DECIMAL CLASSIFICATION NUMBER | |
| Classification number | 345 / |
| Item number | V434d |
| Edition number | 23 |
| 100 1# - MAIN ENTRY--PERSONAL NAME | |
| Personal name | Velásquez Velásquez, Fernando, |
| Relator term | autor |
| 9 (RLIN) | 8813 |
| 245 10 - TITLE STATEMENT | |
| Title | Derecho penal : |
| Remainder of title | parte general / |
| Statement of responsibility, etc. | Fernando Velásquez Velásquez |
| 250 ## - EDITION STATEMENT | |
| Edition statement | Segunda edición |
| 260 ## - PUBLICATION, DISTRIBUTION, ETC. | |
| Place of publication, distribution, etc. | Bogotá : |
| Name of publisher, distributor, etc. | Temis, |
| Date of publication, distribution, etc. | ©1995 |
| 300 ## - PHYSICAL DESCRIPTION | |
| Extent | 773 páginas ; |
| Dimensions | 24 cm. |
| 500 ## - GENERAL NOTE | |
| General note | Incluye índice de autores, de disposiciones y de materias. |
| 504 ## - BIBLIOGRAPHY, ETC. NOTE | |
| Bibliography, etc. note | Bibliografía: páginas [717]-721 |
| 505 0# - FORMATTED CONTENTS NOTE | |
| Formatted contents note | El derecho penal y los saberes penales -- El concepto de derecho penal -- La división y relaciones del derecho penal -- Las fuentes del derecho penal -- La norma penal -- La interpretación de la norma -- Los ámbitos de la validez de la norma penal |
| 650 14 - SUBJECT ADDED ENTRY--TOPICAL TERM | |
| Topical term or geographic name entry element | Derecho penal |
| Geographic subdivision | Colombia |
| 9 (RLIN) | 8555 |
| 650 14 - SUBJECT ADDED ENTRY--TOPICAL TERM | |
| Topical term or geographic name entry element | Conceptos de la norma penal |
| Geographic subdivision | Colombia |
| 9 (RLIN) | 8814 |
| 942 ## - ADDED ENTRY ELEMENTS (KOHA) | |
| Source of classification or shelving scheme | Dewey Decimal Classification |
| Koha item type | Books |
| Withdrawn status | Lost status | Source of classification or shelving scheme | Damaged status | Not for loan | Collection code | Home library | Current library | Date acquired | Source of acquisition | Full call number | Barcode | Date last seen | Copy number | Koha item type |
|---|---|---|---|---|---|---|---|---|---|---|---|---|---|---|
| Dewey Decimal Classification | Non-fiction | Biblioteca Pública José María del Castillo y Rada | Biblioteca Pública José María del Castillo y Rada | 07/19/2018 | Donación | 345 / V434d | 201807534 | 05/16/2024 | Ej.1 | Books |